| Поле | Инд. | ПП | Название | Значение |
|---|---|---|---|---|
| Тип записи | m | |||
| Библиографический уровень | m | |||
| 001 | Контрольный номер | RU/LIBMSTU/314724951 | ||
| 005 | Дата корректировки | 20190422104455.5 | ||
| 008 | Кодируемые данные | 091021|||||||||ru||||||||||||||||||rus|| | ||
| 040 | b | Код языка каталог. | rus | |
| 041 | 0_ | a | Код языка текста | eng |
| 084 | a | Индекс другой классификации/Индекс ББК | 81.2Англ-43+22.1я2+22.3я2 | |
| 090 | x | Авторский знак | В 88 | |
| 100 | 1_ | a | Автор | Вульфович Б. А. |
| 245 | 10 | a | Заглавие | Краткий русско-английский и англо-русский словарь по математике с элементами физики |
| b | Продолж. заглавия | учеб. пособие для студентов, курсантов, аспирантов и преподавателей [физико-математических и технических факультетов университетов] | ||
| c | Ответственность | Гос. ком. Рос. Федерации по рыболовству, Мурман. гос. техн. ун-т | ||
| h | Физич. носитель | Электронный ресурс | ||
| 250 | a | Основные сведения об издании | 2-е изд., испр., доп. и транскрибир. | |
| 256 | a | Характеристики компьютерного файла | Электрон. текстовые дан. (1 файл : 2,7 Мб) | |
| 260 | a | Место издания | Мурманск | |
| b | Издательство | Изд-во МГТУ | ||
| c | Дата издания | 2008 | ||
| 500 | 10 | a | Примечание | Доступ из локальной сети Мурман. гос. техн. ун-та |
| 500 | 10 | a | Примечание | Загл. с экрана |
| 500 | 10 | a | Примечание | Имеется печ. аналог 2008 г. |
| 530 | a | Примеч. о доп. формах | Доступ из локальной сети Мурман. гос. техн. ун-та | |
| 583 | x | Служебное примечание | Полнотекстовые документы | |
| x | Служебное примечание | Труды преподавателей МГТУ | ||
| z | Открытое примечание | Для студентов технических специальностей | ||
| z | Открытое примечание | 01.00.00 | ||
| 650 | 04 | a | Основная рубрика | Англо-русские словари |
| 650 | 14 | a | Основная рубрика | Русско-английские словари |
| 650 | 14 | a | Основная рубрика | Математика-Словари |
| 650 | 14 | a | Основная рубрика | Физика-Словари |
| 653 | 0_ | a | Ключевые слова | Английский язык |
| 653 | 1_ | a | Ключевые слова | Словари англо-русские |
| a | Ключевые слова | Словари англо-русские по математике | ||
| a | Ключевые слова | Словари русско-английские | ||
| a | Ключевые слова | Словари русско-английские по математике | ||
| 653 | 1_ | a | Ключевые слова | Словари |
| a | Ключевые слова | Электронные версии | ||
| 653 | 1_ | a | Ключевые слова | Английский язык для технических специальностей |
| 653 | 1_ | a | Ключевые слова | Труды преподавателей МГТУ |
| 856 | 40 | u | URL | https://elib.mauniver.ru/2008/U_08_7.pdf |
| 901 | t | Тип документа | m | |
| 952 | c | Вид литературы | учебное пособие |